000 00311 a2200145 4500
001 168964
020 _a
040 _cMagnum
100 _aMarcellino, Nelson Carvalho Et Al.
240 1 0 _aPedagogia da animacao
_lpor
245 1 0 _aPedagogia da animacao
362 0 _a1899
697 _aGERAL
942 _cBK
999 _c168964
_d168964